[Event "FIDE World Uni Rapid-E 1st"]
[Site "Tornelo INT"]
[Date "2021.03.21"]
[Round "12"]
[White "Ccorimanya Ttica, Ruth"]
[Black "Pineda D, Raul Anibal"]
[Result "0-1"]
[WhiteElo "1677"]
[BlackElo "1259"]
[PlyCount "94"]
[EventDate "2021.03.20"]
[EventType "swiss (rapid)"]
[EventRounds "12"]
[EventCountry "NET"]
[SourceTitle "EXT 2022"]
[Source "ChessBase"]
[SourceDate "2021.10.06"]
[SourceVersion "1"]
[SourceVersionDate "2021.10.06"]
[SourceQuality "1"]

1. d4 Nf6 2. Nf3 g6 3. Bf4 Bg7 4. e3 d6 5. Be2 0-0 6. h3 Nc6 7. 0-0 Qe8 8. Bh2 e6 9. c3 e5 10. Nbd2 Nd7 11. Re1 e4 12. Ng5 h6 13. Nxf7 Qxf7 14. Bc4 d5 15. Bb3 Nf6 16. c4 Nh5 17. Re2 Be6 18. Bxc7 dxc4 19. Bc2 Rac8 20. Bd6 Rfd8 21. Bh2 Nb4 22. Bxe4 Nd3 23. Qc2 b5 24. a3 Rf8 25. Bxd3 cxd3 26. Qxd3 Bc4 27. Nxc4 bxc4 28. Qc3 Qd5 29. Rc1 Nf6 30. Qc2 g5 31. Be5 Ne4 32. Bxg7 Kxg7 33. Qa4 c3 34. Qxa7+ Rf7 35. Qb6 Rcf8 36. Rcc2 Rb7 37. Qa6 Rfb8 38. bxc3 Rb5 39. c4 Rb1+ 40. Kh2 Qf5 41. Qc6 g4 42. Qc7+ Kg6 43. Qc6+ Nf6 44. h4 g3+ 45. fxg3 Qf1 46. h5+ Kg5 47. Qc5+ Kg4 0-1

[Event "FIDE World Uni Rapid-E 1st"]
[Site "Tornelo INT"]
[Date "2021.03.21"]
[Round "9"]
[White "Pineda D, Raul Anibal"]
[Black "Portelli, Timothy"]
[Result "0-1"]
[WhiteElo "1259"]
[BlackElo "1529"]
[PlyCount "136"]
[EventDate "2021.03.20"]
[EventType "swiss (rapid)"]
[EventRounds "12"]
[EventCountry "NET"]
[SourceTitle "EXT 2022"]
[Source "ChessBase"]
[SourceDate "2021.10.06"]
[SourceVersion "1"]
[SourceVersionDate "2021.10.06"]
[SourceQuality "1"]

1. d4 f5 2. Bf4 Nf6 3. e3 g6 4. Nf3 Bg7 5. c3 0-0 6. Bd3 e6 7. Nbd2 b6 8. 0-0 Bb7 9. Qe2 Nc6 10. e4 Re8 11. Bg5 Qc8 12. e5 Nd5 13. a3 h6 14. c4 Nde7 15. Bxe7 Nxe7 16. Rac1 c5 17. Rfd1 cxd4 18. Nxd4 Qc5 19. Nb5 Qxe5 20. Qxe5 Bxe5 21. Nf3 Bb8 22. Be2 a6 23. Nc3 Bc6 24. b4 d5 25. Nd4 dxc4 26. Nxe6 b5 27. Bf3 Bxf3 28. gxf3 Nc6 29. Nc5 Bf4 30. Rc2 Ne5 31. Nd5 Nd3 32. Nf6+ Kf7 33. Nxe8 Rxe8 34. Nxd3 cxd3 35. Rxd3 Re6 36. h4 Kf6 37. Rdc3 g5 38. Rc6 Bd6 39. hxg5+ hxg5 40. Kg2 Ke7 41. Rd2 Bf4 42. Rxe6+ Kxe6 43. Rc2 Kd6 44. Rc5 Be5 45. Rc8 Bb2 46. Rc5 Bxa3 47. Rxf5 Bxb4 48. Rxg5 Kc6 49. f4 a5 50. f5 a4 51. Rg6+ Kd5 52. Ra6 Ke5 53. Kf3 a3 54. Kg4 Bd6 55. Kg5 b4 56. f4+ Kd5 57. f6 b3 58. f7 Be7+ 59. Kg6 b2 60. Rb6 a2 61. Rb5+ Kc6 62. Re5 b1Q+ 63. f5 a1Q 64. Re6+ Kd7 65. Kh7 Qxf5+ 66. Rg6 Qh5+ 67. Kg8 Qa8+ 68. Kg7 Qf8# 0-1

[Event "FIDE World Uni Blitz-C 1st"]
[Site "Tornelo INT"]
[Date "2021.03.13"]
[Round "7.74"]
[White "Pineda D, Raul Anibal"]
[Black "Erdal, Kerem"]
[Result "1/2-1/2"]
[WhiteElo "1259"]
[BlackElo "1534"]
[PlyCount "145"]
[EventDate "2021.03.13"]
[EventType "swiss (blitz)"]
[EventRounds "10"]
[EventCountry "NET"]
[SourceTitle "EXT 2022"]
[Source "ChessBase"]
[SourceDate "2021.10.06"]
[SourceVersion "1"]
[SourceVersionDate "2021.10.06"]
[SourceQuality "1"]

1. d4 d5 2. Bf4 Nf6 3. Nf3 Bf5 4. e3 e6 5. Bd3 Bxd3 6. Qxd3 c6 7. c3 Bd6 8. Bg3 0-0 9. Nbd2 h6 10. 0-0 Be7 11. e4 dxe4 12. Nxe4 Nbd7 13. Ned2 c5 14. Qe2 cxd4 15. Nxd4 Nb6 16. Rfe1 Qd7 17. N2f3 Bd6 18. Bxd6 Qxd6 19. Rad1 Qc5 20. Nb3 Qh5 21. h3 Nbd5 22. Ne5 Qxe2 23. Rxe2 Rad8 24. Red2 Ne4 25. Rd4 Rc8 26. Rxe4 f5 27. Red4 f4 28. c4 Nb4 29. Ng6 Rf7 30. a3 Nc6 31. Rd7 Rf6 32. Ne7+ Nxe7 33. Rxe7 Rxc4 34. Rdd7 Rg6 35. Nd2 Rc2 36. Ne4 f3 37. g3 Re2 38. Nc5 Re1+ 39. Kh2 Re2 40. g4 Rxf2+ 41. Kg3 Rf1 42. Ne4 Rg1+ 43. Kxf3 Rf1+ 44. Kg2 Re1 45. Ng3 Re3 46. Nh5 Re2+ 47. Kf3 Re1 48. Rxg7+ Rxg7 49. Rxg7+ Kf8 50. Rxb7 Ke8 51. Nf6+ Kd8 52. Ne4 Rf1+ 53. Kg2 Re1 54. Nc5 Re2+ 55. Kg3 Kc8 56. Rh7 Rxb2 57. Rxh6 Rc2 58. Nxe6 Rc3+ 59. Kf4 Rxa3 60. Rh8+ Kd7 61. Ng5 Ra4+ 62. Kg3 Ra3+ 63. Kh4 a5 64. Ne4 Ra4 65. Nc5+ Kc6 66. Nxa4 Kb5 67. Ra8 Kxa4 68. g5 Kb4 69. g6 Ka3 70. g7 a4 71. g8Q Kb2 72. Qg2+ Ka3 73. Rb8 1/2-1/2

[Event "Wch FIDE Online U18 America qual"]
[Site "Tornelo INT"]
[Date "2020.12.02"]
[Round "3"]
[White "Finlay, Kendry"]
[Black "Pineda D, Raul Anibal"]
[Result "1-0"]
[WhiteElo "1379"]
[BlackElo "1259"]
[PlyCount "121"]
[EventDate "2020.12.01"]
[EventType "swiss (rapid)"]
[EventRounds "7"]
[EventCountry "ISS"]
[SourceTitle "EXT 2022"]
[Source "ChessBase"]
[SourceDate "2021.10.06"]
[SourceVersion "1"]
[SourceVersionDate "2021.10.06"]
[SourceQuality "1"]

1. e4 d5 2. exd5 Qxd5 3. Nc3 Qd6 4. Nf3 Nf6 5. d4 Bg4 6. Be2 c6 7. 0-0 h5 8. h3 Bxf3 9. Bxf3 e6 10. Bg5 Be7 11. Re1 Nbd7 12. Qd3 Nb6 13. Rad1 Nbd5 14. Nxd5 cxd5 15. Qb5+ Qc6 16. Qe2 g6 17. Qe5 Kd7 18. Bxf6 Bxf6 19. Qxf6 Qxc2 20. Qxf7+ Kd8 21. Qf6+ Kd7 22. Qxe6+ Kd8 23. Qxd5+ Kc7 24. Re7+ Kb6 25. Re6+ Kc7 26. Qxb7+ Kd8 27. Qxa8+ Kd7 28. Qc6+ Qxc6 29. Rxc6 Rb8 30. Rd2 a5 31. Rxg6 Rb5 32. Rg7+ Ke6 33. Rb7 Rg5 34. Re2+ Kd6 35. Rb6+ Kc7 36. Rc6+ Kd7 37. Rc5 Rg6 38. Rxa5 h4 39. Rh5 Ra6 40. a3 Rb6 41. Rh7+ Kd8 42. Ree7 Rd6 43. Reg7 Kc8 44. Ra7 Kb8 45. Rab7+ Kc8 46. Rh8+ Rd8 47. Rxd8+ Kxd8 48. Rh7 Kc8 49. d5 Kd8 50. d6 Kc8 51. d7+ Kd8 52. Rxh4 Ke7 53. a4 Kd8 54. a5 Kxd7 55. a6 Kc7 56. a7 Kb6 57. a8Q Kc7 58. Qa6 Kb8 59. Rh8+ Kc7 60. Rh7+ Kb8 61. Qb7# 1-0